Remuneration of researches in the public and private sectors service contract REM01
Guardado en:
| Autor Corporativo: | |
|---|---|
| Formato: | Libro |
| Lenguaje: | inglés |
| Publicado: |
Luxembourg
Office for Official Publications of the European Communities
2007
|
| Materias: | |
| Etiquetas: |
Sin Etiquetas, Sea el primero en etiquetar este registro!
|
MARC
| LEADER | 00000nam$a2200000$$$4500 | ||
|---|---|---|---|
| 001 | 0084105 | ||
| 005 | 20240318114622.0 | ||
| 020 | |a 92-79-05602-4 | ||
| 041 | 0 | |a eng | |
| 044 | |a LU | ||
| 245 | 1 | 0 | |a Remuneration of researches in the public and private sectors |b service contract REM01 |c by CARSA |
| 264 | 1 | |a Luxembourg |b Office for Official Publications of the European Communities |c 2007 | |
| 300 | |a 211 s. | ||
| 610 | 2 | 0 | |a výskum |
| 610 | 2 | 0 | |a odmeňovanie |
| 610 | 2 | 0 | |a mzdy |
| 610 | 2 | 0 | |a platy |
| 610 | 2 | 0 | |a financovanie výskumu |
| 610 | 2 | 0 | |a sektor verejný |
| 610 | 2 | 0 | |a sektor súkromný |
| 610 | 2 | 0 | |a porovnanie medzinárodné |
| 610 | 2 | 0 | |a Európska únia |
| 710 | 2 | |a European Commission | |